| 000 | 00650nam a2200217 a 4500 | ||
|---|---|---|---|
| 001 | 55967 | ||
| 003 | BD-RjUL | ||
| 005 | 20211209080334.0 | ||
| 008 | 161124s1975 ii 000 0 eng | ||
| 035 | _a(BD-RjUL) 56091 | ||
| 040 |
_aDLC _cDLC _dBD-RjUL _beng |
||
| 041 | 1 |
_aeng _hmar |
|
| 082 |
_223 _a891.4627 _bTEE 1975 |
||
| 100 | 1 |
_aTendulkar, Vijay, _d1928-2008. _9166601 |
|
| 245 | 1 | 0 |
_aEncounter in Umbugland / _cVijay Tendulkar ; translated [from Marathi] by Priya Adarkar. |
| 260 |
_aNew Delhi : _bOxford University Press, _c1975 |
||
| 300 |
_alii,150 p. ; _c23 cm. |
||
| 500 | _aPlays. | ||
| 650 |
_a Hindi drama _9166602 |
||
| 942 |
_2ddc _cBK |
||
| 999 |
_c55967 _d55967 |
||